Požiarnik orgán Slovenského výboru Československého sväzu hasičstva
| Previous Title: | Hasičské listy |
|---|---|
| Format: | Journal |
| Language: | Slovak |
| PhysicalDescription: | zv. 30 cm |
| Published: |
Bratislava
Obzor
1953-
Bratislava Dobrovoľná požiarna ochrana Bratislava Finest Bratislava Finest plus Bratislava Dobrovoľná požiarna ochrana SR |
| ISSN: | 0231-617X 1337-3846 |
| Subjects: | |
| Online Access: | https://www.dposr.sk/index.php/dpo-sr/casopis-poziarnik-all |
MARC
| LEADER | 00000cas a2200000 a 4500 | ||
|---|---|---|---|
| 001 | vtls001467324 | ||
| 003 | SK-MaSNL | ||
| 005 | 20260228161230.0 | ||
| 008 | 160425c19539999xo mr|p 0 0b0slo | ||
| 022 | |a 0231-617X | ||
| 035 | |a SNK000422629 | ||
| 035 | |a (SVKBB03)vtls000041629 | ||
| 040 | |a SNK |b slo |c SNK |d SVKBB |d SAVUK |e AACR2 | ||
| 041 | 0 | |a slo | |
| 044 | |a xo |c SK | ||
| 072 | 7 | |a 614.84 |x Požiare. Ochrana pred požiarmi |2 konspekt | |
| 080 | |a 614.842-051 |2 2011 | ||
| 080 | |a 614.84 |2 2011 | ||
| 080 | |a 050 |2 2001 | ||
| 080 | |a (051)-048.55 |2 2011 | ||
| 210 | 0 | |a Požiarnik |b (Bratisl.) | |
| 222 | 0 | |a Požiarnik |b (Bratislava) | |
| 245 | 0 | 0 | |a Požiarnik |b orgán Slovenského výboru Československého sväzu hasičstva |
| 246 | 1 | 3 | |a Požiarnik |b mesačník Dobrovoľnej požiarnej ochrany SR |
| 260 | |a Bratislava |b Obzor |c 1953- | ||
| 260 | 2 | |3 1993-2000 |a Bratislava |b Dobrovoľná požiarna ochrana | |
| 260 | 2 | |3 2001 |a Bratislava |b Finest | |
| 260 | 2 | |3 2002-2008 |a Bratislava |b Finest plus | |
| 260 | 3 | |3 2009- |a Bratislava |b Dobrovoľná požiarna ochrana SR | |
| 300 | |a zv. |c 30 cm | ||
| 310 | |a 1x mesačne |b 1991- | ||
| 321 | |a 2x mesačne |b 13/1953-1990 | ||
| 321 | |a 1x mesačne |b 1/1953-12/1953 | ||
| 362 | 0 | |a Roč. XXXI, č. 1 (1953)- | |
| 500 | |a Podnázov sa mení | ||
| 500 | |a Povolenie PIO č. 21 098/51-II/3-403 | ||
| 500 | |a Od r. 1965 vychádza aj maďarská mutácia Tűzoltó | ||
| 500 | |a Redaktori sa menia | ||
| 500 | |a Časopis nadväzuje na číslovanie ročníkov predchádzajúceho titulu | ||
| 500 | |a Reg. č. MK SR: EV 147/08 | ||
| 525 | |a Súčasťou čas. je samostatne stránkovaná príloha: Stanovy dobrovoľnej požiarnej ochrany SR - v č. 3 (2017) | ||
| 580 | |a Nadviazal na Hasičské listy | ||
| 650 | 0 | 7 | |a hasiči |2 SNKPH |9 1505 |
| 650 | 0 | 7 | |a požiarna ochrana |2 SNKPH |9 1501 |
| 655 | 7 | |a špecializované časopisy |2 SNKPH |9 70509 | |
| 775 | 0 | |t Tűzoltó | |
| 780 | 0 | 0 | |t Hasičské listy |x 1337-3846 |w vtls010301262 |
| 852 | |a Štátna vedecká knižnica v Banskej Bystrici | ||
| 856 | 4 | 1 | |u https://www.dposr.sk/index.php/dpo-sr/casopis-poziarnik-all |
| 910 | |a savuk | ||
| 910 | |a snk | ||
| 910 | |a svkbb | ||
| 916 | |a 1953-2012, 2013-2014, 2015-2019 | ||
| 999 | |c 4749 |d 6679 | ||
| 952 | |t č. 1-12 |a SNK |b SNK |y PREZ |7 0 |p 17A0221184 |o snkČSB 116/70/1993/D1 |0 0 |1 0 |4 0 |d 2000-01-05 |l 0 |r 2005-01-02 00:00:00 |w 2026-02-21 | ||
| 952 | |t č. 1-24, neúplné |a SNK |b SNK |y PREZ |7 0 |p 17A0136770 |o snkČSB 116/36/1959 |i snkČSP 1008/60 |z chýba č. 21, 22 |f 1 |0 0 |1 0 |4 0 |d 1998-04-23 |l 0 |r 2005-01-02 00:00:00 |w 2026-02-21 | ||
| 952 | |t č. 1-24, neúplné |a SNK |b SNK |y PREZ |7 0 |p 17A0136633 |o snkČSB 116/38/1961 |i snkČSP 160/62 |z chýba č. 8 |f 1 |0 0 |1 0 |4 0 |d 1998-04-23 |l 0 |r 2005-01-02 00:00:00 |w 2026-02-21 | ||
| 952 | |t č. 1-24 |a SNK |b SNK |y PREZ |7 0 |p 17A0120363 |o snkČSB 116/66/1989 D1 |0 0 |1 0 |4 0 |d 1998-02-03 |l 0 |r 2005-01-02 00:00:00 |w 2026-02-21 | ||
| 952 | |t č. 1-24 |a SNK |b SNK |y PREZ |7 0 |p 17A1349173 |o snkČSB 116/63[64]/1986 D1 |i snkČSP 890/87 |0 0 |1 0 |4 0 |d 2023-10-04 |l 0 |r 2026-02-21 19:47:52 |w 2026-02-21 | ||
| 952 | |t č. 1-12 |a SNK |b SNK |y PREZ |7 0 |p 17A1521769 |o snkČSB 116/97/2020 D1 |i snk2023/14551 |8 0 |0 0 |1 0 |4 0 |d 2023-10-09 |l 0 |r 2026-02-21 19:47:59 |w 2026-02-21 | ||
| 952 | |t č. 1-12 |a SNK |b SNK |y PREZ |7 0 |p 17A1521770 |o snkČSB 116/98/2021 |i snk2023/14552 |8 0 |0 0 |1 0 |4 0 |d 2023-10-09 |l 0 |r 2026-02-21 19:47:59 |w 2026-02-21 | ||
| 952 | |t č. 1-12, neúplné |a SNK |b SNK |y PREZ |7 0 |p 17A1521771 |o snkČSB 116/98/2021 D1 |i snk2023/14553 |8 0 |z Chýba č. 5-12 (úprava zákona - neposlali) |0 0 |1 0 |4 0 |d 2023-10-09 |l 0 |r 2026-02-21 19:47:59 |w 2026-02-21 | ||
| 952 | |t č. 1-12 |a SNK |b SNK |y PREZ |7 0 |p 17A1521772 |o snkČSB 116/99/2022 |i snk2023/14554 |8 0 |0 0 |1 0 |4 0 |d 2023-10-09 |l 0 |r 2026-02-21 19:47:59 |w 2026-02-21 | ||
| 952 | |t č. 1-12 |a SNK |b SNK |y PREZ |7 0 |p 17A1317212 |o snkČSB 116/76/1999 D1 |i snkČSP 2236/2004 |0 0 |1 0 |4 0 |d 2024-04-04 |l 0 |r 2026-02-21 19:48:10 |w 2026-02-21 | ||
| 952 | |t č. 1-12 |a SNK |b SNK |y PREZ |7 0 |p 17A1317211 |o snkČSB 116/74/1997 D1 |i snkČSP 1634/99 |0 0 |1 0 |4 0 |d 2024-04-04 |l 0 |r 2026-02-21 19:48:10 |w 2026-02-21 | ||
| 952 | |t 1-24 |a SNK |b SNK |y PREZ |7 0 |p 17A1349280 |o snkČSB 116/54/1977 D1 |i snkČSP 862/77 |0 0 |1 0 |4 0 |d 2023-11-21 |l 0 |r 2026-02-21 19:48:10 |w 2026-02-21 | ||
| 952 | |t 1-24 |a SNK |b SNK |y PREZ |7 0 |p 17A1349281 |o snkČSB 116/55/1978 D1 |i snkČSP 965/78 |0 0 |1 0 |4 0 |d 2023-11-21 |l 0 |r 2026-02-21 19:48:11 |w 2026-02-21 | ||
| 952 | |t 1-24 |a SNK |b SNK |y PREZ |7 0 |p 17A1349282 |o snkČSB 116/57-58/1980 D1 |i snkČSP 3940/88 |0 0 |1 0 |4 0 |d 2023-11-21 |l 0 |r 2026-02-21 19:48:11 |w 2026-02-21 | ||
| 952 | |t 1-24 |a SNK |b SNK |y PREZ |7 0 |p 17A1349283 |o snkČSB 116/56/1979 D1 |i snkČSP 555/80 |0 0 |1 0 |4 0 |d 2023-11-21 |l 0 |r 2026-02-21 19:48:11 |w 2026-02-21 | ||
| 952 | |t 1-24 |a SNK |b SNK |y PREZ |7 0 |p 17A1349284 |o snkČSB 116/60/1983 D1 |i snkČSP 976/84 |0 0 |1 0 |4 0 |d 2023-11-21 |l 0 |r 2026-02-21 19:48:11 |w 2026-02-21 | ||
| 952 | |a SNK |b SNK |y PREZ |7 0 |p 17A1349285 |o snkČSB 116/58/1981 D1 |i snkČSP 250/82 |0 0 |1 0 |4 0 |d 2023-11-21 |l 0 |r 2026-02-21 19:48:11 |w 2026-02-21 | ||
| 952 | |t 1-24 |a SNK |b SNK |y PREZ |7 0 |p 17A1349286 |o snkČSB 116/64-65/1987 D1 |i snkČSP 2550/88 |0 0 |1 0 |4 0 |d 2023-11-21 |l 1 |r 2026-03-05 14:05:13 |s 2026-03-05 |w 2026-02-21 | ||
| 952 | |t 1-24 |a SNK |b SNK |y PREZ |7 0 |p 17A1349287 |o snkČSB 116/62/1985 D1 |i snkČSP 2700/86 |0 0 |1 0 |4 0 |d 2023-11-21 |l 0 |r 2026-02-21 19:48:11 |w 2026-02-21 | ||
| 952 | |t č. 1-24 |a SNK |b SNK |y PREZ |7 0 |p 17A0688632 |o snkČSB 116/53/1976 D1 |i snkČSP 210/1977 |0 0 |1 0 |4 0 |d 2011-02-14 |l 0 |r 2026-02-21 19:56:35 |w 2026-02-21 | ||
| 952 | |t č. 1-12 |a SNK |b SNK |y PREZ |7 0 |p 17A1431719 |o snkČSB 116/96/2019 |i snk2020/18020 |8 0 |0 0 |1 0 |4 0 |d 2020-10-07 |l 0 |r 2026-02-21 19:57:17 |w 2026-02-21 | ||
| 952 | |t č. 1-12 |a SNK |b SNK |y PREZ |7 0 |p 17A1462675 |o snkČSB 116/96/2019 D1 |i snk2022/5059 |8 0 |0 0 |1 0 |4 0 |d 2022-04-01 |l 0 |r 2026-02-21 19:59:45 |w 2026-02-21 | ||
| 952 | |t č. 1-12 |a SNK |b SNK |y PREZ |7 0 |p 17A1462676 |o snkČSB 116/97/2020 |i snk2022/5060 |8 0 |0 0 |1 0 |4 0 |d 2022-04-01 |l 0 |r 2026-02-21 19:59:45 |w 2026-02-21 | ||
| 952 | |t č. 1-12 |a SNK |b SNK |y PREZ |7 0 |p 17A0454431 |o snkČSB 116/73/1996 D1 |i snkČSP 1636/99 |0 0 |1 0 |4 0 |d 2006-11-28 |l 0 |r 2026-02-21 20:05:14 |w 2026-02-21 | ||
| 952 | |t č. 1-24 |a SNK |b SNK |y PREZ |7 0 |p 17A0708917 |o snkČSB 116/59/1982 D1 |i snkČSP 358/1983 |0 0 |1 0 |4 0 |d 2011-08-18 |l 0 |r 2026-02-21 20:06:57 |w 2026-02-21 | ||
| 952 | |t č. 1-24 |a SNK |b SNK |y PREZ |7 0 |p 17A0136781 |o snkČSB 116/45/1968 |i snkČSP 272/69 |f 1 |0 0 |1 0 |4 0 |d 1998-04-23 |l 0 |r 2005-01-02 00:00:00 |w 2026-02-21 | ||
| 952 | |t č. 1-12 |a SNK |b SNK |c SNK_KF |y PREZ |7 8 |p 17A1558493 |o snkČSB 116/101/2024 |i snk2025/18982 |8 0 |0 0 |1 0 |4 0 |d 2025-11-24 |l 0 |r 2026-02-21 20:09:30 |w 2026-02-21 | ||
| 952 | |t č. 1-12 |a SNK |b SNK |c SNK_KF |y PREZ |7 8 |p 17A1558492 |o snkČSB 116/100/2023 |i snk2025/18981 |8 0 |0 0 |1 0 |4 0 |d 2025-11-24 |l 0 |r 2026-02-21 20:09:44 |w 2026-02-21 | ||
| 952 | |t č. 1-12 |a SNK |b SNK |y PREZ |7 0 |p 17A0536970 |o snkČSB 116/80/2003 D1 |i snkČSP 2004/2240 |3 rekatalogizácia |0 0 |1 0 |4 0 |d 2007-02-08 |l 0 |r 2026-02-21 20:15:55 |w 2026-02-21 | ||
| 952 | |t č. 1-24 |a SNK |b SNK |y PREZ |7 0 |p 17A0136870 |o snkČSB 116/43/1966 |i snkČSP 559/67 |f 1 |0 0 |1 0 |4 0 |d 1998-04-23 |l 0 |r 2005-01-02 00:00:00 |w 2026-02-21 | ||
| 952 | |t č. 1-24 |a SNK |b SNK |y PREZ |7 0 |p 17A1316954 |o snkČSB 116/42[43]/1965 D1 |i snkČSP 1154/67 |z č. 1-24 |0 0 |1 0 |4 0 |d 2023-01-24 |l 0 |r 2026-02-21 20:17:46 |w 2026-02-21 | ||
| 952 | |t č. 1-24 |a SNK |b SNK |y PREZ |7 0 |p 17A1317005 |o snkČSB 116/43[45]/1966 D1 |i snkČSP 1455/67 |z č. 1-24 |0 0 |1 0 |4 0 |d 2023-01-24 |l 0 |r 2026-02-21 20:17:47 |w 2026-02-21 | ||
| 952 | |t č. 1-24 |a SNK |b SNK |y PREZ |7 0 |p 17A1316948 |o snkČSB 116/44[45]/1967 D1 |i snkČSP 271/69 |z č. 1-24 |0 0 |1 0 |4 0 |d 2023-01-24 |l 0 |r 2026-02-21 20:17:47 |w 2026-02-21 | ||
| 952 | |t č. 1-24 |a SNK |b SNK |y PREZ |7 0 |p 17A1317006 |o snkČSB 116/46[47]/1969 D1 |i snkČSP 104/71 |0 0 |1 0 |4 0 |d 2023-01-24 |l 0 |r 2026-02-21 20:17:47 |w 2026-02-21 | ||
| 952 | |t č. 1-24 |a SNK |b SNK |y PREZ |7 0 |p 17A1317007 |o snkČSB 116/47/1970 D1 |i snkSP 622/72 |z č. 1-24 |0 0 |1 0 |4 0 |d 2023-01-24 |l 0 |r 2026-02-21 20:17:47 |w 2026-02-21 | ||
| 952 | |t č. 1-24 |a SNK |b SNK |y PREZ |7 0 |p 17A1316949 |o snkČSB 116/45[46]/1968 D1 |i snkČSP 528/70 |z č. 1-24 |0 0 |1 0 |4 0 |d 2023-01-24 |l 0 |r 2026-02-21 20:17:47 |w 2026-02-21 | ||
| 952 | |t č. 1-24 |a SNK |b SNK |y PREZ |7 0 |p 17A1316950 |o snkČSB 116/48[49]/1971 D1 |i snkČSP 88/73 |z č. 1-24 |0 0 |1 0 |4 0 |d 2023-01-24 |l 0 |r 2026-02-21 20:17:47 |w 2026-02-21 | ||
| 952 | |t č. 1-24 |a SNK |b SNK |y PREZ |7 0 |p 17A1316951 |o snkČSB 116/49[50]/1972 D1 |i snkČSP 71/74 |z č. 1-24 |0 0 |1 0 |4 0 |d 2023-01-24 |l 0 |r 2026-02-21 20:17:47 |w 2026-02-21 | ||
| 952 | |t č. 1-24 |a SNK |b SNK |y PREZ |7 0 |p 17A1316952 |o snkČSB 11650[51]/1973 D1 |i snkČSP 73/74 |0 0 |1 0 |4 0 |d 2023-01-24 |l 0 |r 2026-02-21 20:17:47 |w 2026-02-21 | ||
| 952 | |t č. 1-24 |a SNK |b SNK |y PREZ |7 0 |p 17A1316953 |o snkČSB 116/51[52]/1974 D1 |i snkČSP 590/75 |0 0 |1 0 |4 0 |d 2023-01-24 |l 0 |r 2026-02-21 20:17:47 |w 2026-02-21 | ||
| 952 | |t č. 1-24 |a SNK |b SNK |y PREZ |7 0 |p 17A1316942 |o snkČSB 116/52[53]/1975 D1 |i snkČSP 764/76 |z č. 1-24 |0 0 |1 0 |4 0 |d 2023-01-24 |l 0 |r 2026-02-21 20:17:47 |w 2026-02-21 | ||
| 952 | |t č. 1-24 |a SNK |b SNK |y PREZ |7 0 |p 17A1316946 |o snkČSB 116/37/1957 D1 |i snkČSP 500/59 |0 0 |1 0 |4 0 |d 2023-01-24 |l 0 |r 2026-02-21 20:17:47 |w 2026-02-21 | ||
| 952 | |t č. 1-24 |a SNK |b SNK |y PREZ |7 0 |p 17A1316945 |o snkČSB 116/38/1958 D1 |i snkČSD 80/59 |8 1 |z č. 1-24 |0 0 |1 0 |4 0 |d 2023-01-24 |l 0 |r 2026-02-21 20:17:47 |w 2026-02-21 | ||
| 952 | |t č. 1-24 |a SNK |b SNK |y PREZ |7 0 |p 17A1316960 |o snkČSB 116/39[40]/1962 D1 |i snkČSP 380/64 |z č. 1-24 |0 0 |1 0 |4 0 |d 2023-01-24 |l 0 |r 2026-02-21 20:17:47 |w 2026-02-21 | ||
| 952 | |t č. 1-24 |a SNK |b SNK |y PREZ |7 0 |p 17A1316996 |o snkČSB 116/1953 D1 |i snkČSF 677/56 |8 5 |0 0 |1 0 |4 0 |d 2023-01-24 |l 0 |r 2026-02-21 20:17:47 |w 2026-02-21 | ||
| 952 | |t č. 1-24 |a SNK |b SNK |y PREZ |7 0 |p 17A1316959 |o snkČSB 116/32/1954 D1 |i snkII. 1516/55 |z č. 1-24 |0 0 |1 0 |4 0 |d 2023-01-24 |l 0 |r 2026-02-21 20:17:49 |w 2026-02-21 | ||
| 952 | |t č. 1-24 |a SNK |b SNK |y PREZ |7 0 |p 17A1317008 |o snkČSB 116/28[33]/1955 D1 |i snkČSP 281/57 |z č. 1-24 |0 0 |1 0 |4 0 |d 2023-01-24 |l 0 |r 2026-02-21 20:17:49 |w 2026-02-21 | ||
| 952 | |t č. 1-23 |a SNK |b SNK |y PREZ |7 0 |p 17A1316947 |o snkČSB 116/29/1956 D1 |i snkČSP 1175/58 |z č. 1-23 |0 0 |1 0 |4 0 |d 2023-01-24 |l 0 |r 2026-02-21 20:17:49 |w 2026-02-21 | ||
| 952 | |t č. 1-24 |a SNK |b SNK |y PREZ |7 0 |p 17A1316944 |o snkČSB 116/36[37]/1985 D1 |i snkČSP 1007/60 |z č. 1-24 |0 0 |1 0 |4 0 |d 2023-01-24 |l 0 |r 2026-02-21 20:17:49 |w 2026-02-21 | ||
| 952 | |t č. 1-24 |a SNK |b SNK |y PREZ |7 0 |p 17A1316943 |o snkČSB 116/37[38]/1960 D1 |i snkČSP 617/62 |z č. 1-24 |0 0 |1 0 |4 0 |d 2023-01-24 |l 0 |r 2026-02-21 20:17:49 |w 2026-02-21 | ||
| 952 | |t č. 1-12 |a SNK |b SNK |y PREZ |7 0 |p 17A0527918 |o snkČSB 116/78/2001 D1 |i snkČSP 2004/2232 |3 rekatalogizácia |0 0 |1 0 |4 0 |d 2007-02-08 |l 0 |r 2026-02-21 20:19:55 |w 2026-02-21 | ||
| 952 | |t č. 1-12, neúplný |a SNK |b SNK |y PREZ |7 0 |p 17A0536972 |o snkČSB 116/79/2002 D1 |i snkČSP 2004/2238 |z chýba č. 4 |0 0 |1 0 |4 0 |d 2007-02-08 |l 0 |r 2026-02-21 20:19:55 |w 2026-02-21 | ||
| 952 | |t č. 1-12 |a SNK |b SNK |y PREZ |7 0 |p 17A0712006 |o snkČSB 116/74/1997 |i snkČSP 1633/1999 |f 1 |0 0 |1 0 |4 0 |d 2012-08-31 |l 0 |r 2026-02-21 20:23:41 |w 2026-02-21 | ||
| 952 | |t č. 1-12 |a SNK |b SNK |y PREZ |7 0 |p 17A0712004 |o snkČSB 116/73/1996 |i snkČSP 1635/1999 |z č. 3 a 4 chýbajú |f 1 |0 0 |1 0 |4 0 |d 2012-08-31 |l 0 |r 2026-02-21 20:23:42 |w 2026-02-21 | ||
| 952 | |t č. 1-12 |a SNK |b SNK |y PREZ |7 0 |p 17A0712010 |o snkČSB 116/77/2000 |i snkČSP 2241/2004 |f 1 |0 0 |1 0 |4 0 |d 2012-08-31 |l 0 |r 2026-02-21 20:23:42 |w 2026-02-21 | ||
| 952 | |t č. 1-12 |a SNK |b SNK |y PREZ |7 0 |p 17A0712009 |o snkČSB 116/76/1999 |i snkČSP 2235/2004 |f 1 |0 0 |1 0 |4 0 |d 2012-08-31 |l 0 |r 2026-02-21 20:23:42 |w 2026-02-21 | ||
| 952 | |t č. 1-12 |a SNK |b SNK |y PREZ |7 0 |p 17A0938756 |o snkČSB 116/78/2001 |i snkČSP 2231/2004 |f 1 |0 0 |1 0 |4 0 |d 2012-08-31 |l 0 |r 2026-02-21 20:23:42 |w 2026-02-21 | ||
| 952 | |t č. 1-24 |a SNK |b SNK |y PREZ |7 0 |p 17A0111427 |o snkČSB 116/31/1953 |i snk 17.102/56 |f 1 |0 0 |1 0 |4 0 |d 1997-12-03 |l 0 |r 2005-01-02 00:00:00 |w 2026-02-21 | ||
| 952 | |t č. 1-12 |a SNK |b SNK |y PREZ |7 0 |p 17A0697216 |o snkČSB 116/81/2004 |i snk2013/12015 |8 0 |f 1 |0 0 |1 0 |4 0 |d 2013-05-24 |l 0 |r 2026-02-21 20:41:03 |w 2026-02-21 | ||
| 952 | |t č. 1-12 |a SNK |b SNK |y PREZ |7 0 |p 17A0697217 |o snkČSB 116/82/2005 |i snk2013/12016 |8 0 |f 1 |0 0 |1 0 |4 0 |d 2013-05-24 |l 0 |r 2026-02-21 20:41:03 |w 2026-02-21 | ||
| 952 | |t č. 1-12 |a SNK |b SNK |y PREZ |7 0 |p 17A0697218 |o snkČSB 116/83/2006 |i snk2013/12017 |8 0 |z č. 4 chýba |f 1 |0 0 |1 0 |4 0 |d 2013-05-24 |l 0 |r 2026-02-21 20:41:03 |w 2026-02-21 | ||
| 952 | |t č. 1-12 |a SNK |b SNK |y PREZ |7 0 |p 17A0697219 |o snkČSB 116/84/2007 |i snk2013/12018 |8 0 |f 1 |0 0 |1 0 |4 0 |d 2013-05-24 |l 0 |r 2026-02-21 20:41:03 |w 2026-02-21 | ||
| 952 | |t č. 1-12 |a SNK |b SNK |y PREZ |7 0 |p 17A0697226 |o snkČSB 116/82/2005 D1 |i snk2013/12027 |8 0 |0 0 |1 0 |4 0 |d 2013-05-24 |l 0 |r 2026-02-21 20:41:03 |w 2026-02-21 | ||
| 952 | |t č. 1-12 |a SNK |b SNK |y PREZ |7 0 |p 17A0697228 |o snkČSB 116/84/2007 D1 |i snk2013/12029 |8 0 |0 0 |1 0 |4 0 |d 2013-05-24 |l 0 |r 2026-02-21 20:41:03 |w 2026-02-21 | ||
| 952 | |t č. 1-12 |a SNK |b SNK |y PREZ |7 0 |p 17A0697229 |o snkČSB 116/85/2008 D1 |i snk2013/12030 |8 0 |0 0 |1 0 |4 0 |d 2013-05-24 |l 0 |r 2026-02-21 20:41:03 |w 2026-02-21 | ||
| 952 | |t č. 1-12 |a SNK |b SNK |y PREZ |7 0 |p 17A0697233 |o snkČSB 116/89/2012 D1 |i snk2013/12034 |8 0 |0 0 |1 0 |4 0 |d 2013-05-24 |l 0 |r 2026-02-21 20:41:04 |w 2026-02-21 | ||
| 952 | |t č. 1-12 |a SNK |b SNK |y PREZ |7 0 |p 17A0712002 |o snkČSB 116/69/1992 |i snkČSP 2966/1994 |f 1 |0 0 |1 0 |4 0 |d 2013-05-27 |l 0 |r 2026-02-21 20:41:08 |w 2026-02-21 | ||
| 952 | |t č. 1-12 |a SNK |b SNK |y PREZ |7 0 |p 17A0712001 |o snkČSB 116/68/1991 |i snkČSP 2376/1992 |f 1 |0 0 |1 0 |4 0 |d 2013-05-27 |l 0 |r 2026-02-21 20:41:08 |w 2026-02-21 | ||
| 952 | |t č. 1-12 |a SNK |b SNK |y PREZ |7 0 |p 17A0712003 |o snkČSB 116/70/1993 |i snkČSP 1637/1999 |f 1 |0 0 |1 0 |4 0 |d 2013-05-27 |l 0 |r 2026-02-21 20:41:08 |w 2026-02-21 | ||
| 952 | |t č. 1-12 |a SNK |b SNK |y PREZ |7 0 |p 17A0712005 |o snkČSB 116/72/1995 |i snkČSP 1641/1999 |f 1 |0 0 |1 0 |4 0 |d 2013-05-27 |l 0 |r 2026-02-21 20:41:08 |w 2026-02-21 | ||
| 952 | |t č. 1-12 |a SNK |b SNK |y PREZ |7 0 |p 17A0697234 |o snkČSB 116/75/1998 D1 |i snkČSP 2004/2234 |0 0 |1 0 |4 0 |d 2013-05-27 |l 0 |r 2026-02-21 20:41:13 |w 2026-02-21 | ||
| 952 | |t č. 1-12 |a SNK |b SNK |y PREZ |7 0 |p 17A0938778 |o snkČSB 116/79/2002 |i snkČSP 2237/2004 |f 1 |0 0 |1 0 |4 0 |d 2013-05-27 |l 0 |r 2026-02-21 20:41:13 |w 2026-02-21 | ||
| 952 | |t č. 1-12 |a SNK |b SNK |y PREZ |7 0 |p 17A0938780 |o snkČSB 116/80/2003 |i snkČSP 2239/2004 |f 1 |0 0 |1 0 |4 0 |d 2013-05-27 |l 0 |r 2026-02-21 20:41:13 |w 2026-02-21 | ||
| 952 | |t č. 1-24 |a SNK |b SNK |y PREZ |7 0 |p 17A1023851 |o snkČSB 116/61/1984 D1 |i snkČSP 198/85 |0 0 |1 0 |4 0 |d 2014-03-04 |l 0 |r 2026-02-21 20:41:42 |w 2026-02-21 | ||
| 952 | |t č. 1-12 |a SNK |b SNK |y PREZ |7 0 |p 17A0120469 |o snkČSB 116/68/1991 D1 |0 0 |1 0 |4 0 |d 1998-02-03 |l 0 |r 2005-01-02 00:00:00 |w 2026-02-21 | ||
| 952 | |t č. 1-12 |a SNK |b SNK |y PREZ |7 0 |p 17A0120383 |o snkČSB 116/69/1992 D1 |0 0 |1 0 |4 0 |d 1998-02-03 |l 0 |r 2005-01-02 00:00:00 |w 2026-02-21 | ||
| 952 | |t č. 1-24 |a SNK |b SNK |y PREZ |7 0 |p 17A0120470 |o snkČSB 116/67/1990 D1 |0 0 |1 0 |4 0 |d 1998-02-03 |l 0 |r 2005-01-02 00:00:00 |w 2026-02-21 | ||
| 952 | |t č. 1-12 |a SNK |b SNK |y PREZ |7 0 |p 17A0579474 |o snkČSB 116/77/2000 D1 |i snkČSP 2004/2242 |3 rekatalogizácia |0 0 |1 0 |4 0 |d 2008-03-06 |l 0 |r 2026-02-21 20:49:01 |w 2026-02-21 | ||
| 952 | |t č. 1-24 |a SNK |b SNK |y PREZ |7 0 |p 17A1023893 |o snkČSB 116/65/1988 D1 |i snkČSP 3520/89 |0 0 |1 0 |4 0 |d 2014-04-10 |l 0 |r 2026-02-21 20:51:33 |w 2026-02-21 | ||
| 952 | |t č. 1-24 |a SNK |b SNK |y PREZ |7 0 |p 17A0136601 |o snkČSB 116/41/1964 |i snkČSP 687/65 |f 1 |0 0 |1 0 |4 0 |d 1998-04-23 |l 0 |r 2005-01-02 00:00:00 |w 2026-02-21 | ||
| 952 | |t č. 1-24 |a SNK |b SNK |y PREZ |7 0 |p 17A0136712 |o snkČSB 116/40/1963 D1 |i snkČSP 475/66 |0 0 |1 0 |4 0 |d 1998-04-23 |l 0 |r 2005-01-02 00:00:00 |w 2026-02-21 | ||
| 952 | |t č. 1-24 |a SNK |b SNK |y PREZ |7 0 |p 17A0136703 |o snkČSB 116/40/1963 |i snkČSP 651/64 |f 1 |0 0 |1 0 |4 0 |d 1998-04-23 |l 0 |r 2005-01-02 00:00:00 |w 2026-02-21 | ||
| 952 | |t č. 1-24 |a SNK |b SNK |y PREZ |7 0 |p 17A0136653 |o snkČSB 116/61/1984 |i snkČSP 197/85 |f 1 |0 0 |1 0 |4 0 |d 1998-04-23 |l 0 |r 2005-01-02 00:00:00 |w 2026-02-21 | ||
| 952 | |t č. 1-24 |a SNK |b SNK |y PREZ |7 0 |p 17A0136670 |o snkČSB 116/39/1962 |i snkČSP 509/63 |f 1 |0 0 |1 0 |4 0 |d 1998-04-23 |l 0 |r 2005-01-02 00:00:00 |w 2026-02-21 | ||
| 952 | |t č. 1-24 |a SNK |b SNK |y PREZ |7 0 |p 17A0136763 |o snkČSB 116/32/1954 |i snk II.1273/55 |f 1 |0 0 |1 0 |4 0 |d 1998-04-23 |l 0 |r 2005-01-02 00:00:00 |w 2026-02-21 | ||
| 952 | |t č. 1-24 |a SNK |b SNK |y PREZ |7 0 |p 17A0136714 |o snkČSB 116/28/33/1955 |i snkČSP 89/56 |f 1 |0 0 |1 0 |4 0 |d 1998-04-23 |l 0 |r 2005-01-02 00:00:00 |w 2026-02-21 | ||
| 952 | |t č. 1-23, úplný |a SNK |b SNK |y PREZ |7 0 |p 17A0136834 |o snkČSB 116/29/[34]/1956 |i snkČSP 422/57 |f 1 |0 0 |1 0 |4 0 |d 1998-04-23 |l 0 |r 2005-01-02 00:00:00 |w 2026-02-21 | ||
| 952 | |t č. 1-24 |a SNK |b SNK |y PREZ |7 0 |p 17A0136776 |o snkČSB 116/37/[35]/1957 |i snkČSP 499/58 |f 1 |0 0 |1 0 |4 0 |d 1998-04-23 |l 0 |r 2005-01-02 00:00:00 |w 2026-02-21 | ||
| 952 | |t č. 1-24 |a SNK |b SNK |y PREZ |7 0 |p 17A0136954 |o snkČSB 116/38/1958 |i snkČSP 514/59 |f 1 |0 0 |1 0 |4 0 |d 1998-04-23 |l 0 |r 2005-01-02 00:00:00 |w 2026-02-21 | ||
| 952 | |t č. 1-24 |a SNK |b SNK |y PREZ |7 0 |p 17A0136768 |o snkČSB 116/37/1960 |i snkČSP 1711/61 |f 1 |0 0 |1 0 |4 0 |d 1998-04-23 |l 0 |r 2005-01-02 00:00:00 |w 2026-02-21 | ||
| 952 | |t č. 1-24 |a SNK |b SNK |y PREZ |7 0 |p 17A0136838 |o snkČSB 116/60/1983 |i snkČSP 975/84 |f 1 |0 0 |1 0 |4 0 |d 1998-04-23 |l 0 |r 2005-01-02 00:00:00 |w 2026-02-21 | ||
| 952 | |t č. 1-24 |a SNK |b SNK |y PREZ |7 0 |p 17A0136888 |o snkČSB 116/59/1982 |i snkČSP 357/1983 |f 1 |0 0 |1 0 |4 0 |d 1998-04-23 |l 0 |r 2005-01-02 00:00:00 |w 2026-02-21 | ||
| 952 | |t č. 1-24 |a SNK |b SNK |y PREZ |7 0 |p 17A0136907 |o snkČSB 116/58/1981 |i snkČSP 249/1982 |f 1 |0 0 |1 0 |4 0 |d 1998-04-23 |l 0 |r 2005-01-02 00:00:00 |w 2026-02-21 | ||
| 952 | |t č. 1-24 |a SNK |b SNK |y PREZ |7 0 |p 17A0136845 |o snkČSB 116/62/1985 |i snkČSP 2699/86 |f 1 |0 0 |1 0 |4 0 |d 1998-04-23 |l 0 |r 2005-01-02 00:00:00 |w 2026-02-21 | ||
| 952 | |t č. 1-24 |a SNK |b SNK |y PREZ |7 0 |p 17A0136825 |o snkČSB 116/66/1989 |i snkČSP 1603/91 |f 1 |0 0 |1 0 |4 0 |d 1998-04-23 |l 0 |r 2005-01-02 00:00:00 |w 2026-02-21 | ||
| 952 | |t č. 1-24 |a SNK |b SNK |y PREZ |7 0 |p 17A0136723 |o snkČSB 116/67/1990 |i snkČSP 1641/91 |f 1 |0 0 |1 0 |4 0 |d 1998-04-23 |l 0 |r 2005-01-02 00:00:00 |w 2026-02-21 | ||
| 952 | |t č. 1-24 |a SNK |b SNK |y PREZ |7 0 |p 17A0136371 |o snkČSB 116/65/1988 |i snkČSP 3519/89 |f 1 |0 0 |1 0 |4 0 |d 1998-04-23 |l 0 |r 2005-01-02 00:00:00 |w 2026-02-21 | ||
| 952 | |t č. 1-24 |a SNK |b SNK |y PREZ |7 0 |p 17A0136840 |o snkČSB 116/64/1987 |i snkČSP 2549/88 |f 1 |0 0 |1 0 |4 0 |d 1998-04-23 |l 0 |r 2005-01-02 00:00:00 |w 2026-02-21 | ||
| 952 | |t č. 1-24 |a SNK |b SNK |y PREZ |7 0 |p 17A0136854 |o snkČSB 116/63/1986 |i snkČSP 889/87 |f 1 |0 0 |1 0 |4 0 |d 1998-04-23 |l 0 |r 2005-01-02 00:00:00 |w 2026-02-21 | ||
| 952 | |t č. 1-24 |a SNK |b SNK |y PREZ |7 0 |p 17A0136833 |o snkČSB 116/51/1974 |i snkČSP 589/75 |f 1 |0 0 |1 0 |4 0 |d 1998-04-23 |l 0 |r 2005-01-02 00:00:00 |w 2026-02-21 | ||
| 952 | |t č. 1-24 |a SNK |b SNK |y PREZ |7 0 |p 17A0136828 |o snkČSB 116/50/1973 |i snkČSP 72/74 |f 1 |0 0 |1 0 |4 0 |d 1998-04-23 |l 0 |r 2005-01-02 00:00:00 |w 2026-02-21 | ||
| 952 | |t č. 1-24 |a SNK |b SNK |y PREZ |7 0 |p 17A0136914 |o snkČSB 116/49/1972 |i snkČSP 89/73 |f 1 |0 0 |1 0 |4 0 |d 1998-04-23 |l 0 |r 2005-01-02 00:00:00 |w 2026-02-21 | ||
| 952 | |t č. 1-24 |a SNK |b SNK |y PREZ |7 0 |p 17A0136975 |o snkČSB 116/48/1971 |i snkČSP 412/72 |f 1 |0 0 |1 0 |4 0 |d 1998-04-23 |l 0 |r 2005-01-02 00:00:00 |w 2026-02-21 | ||
| 952 | |t č. 1-24 |a SNK |b SNK |y PREZ |7 0 |p 17A0136694 |o snkČSB 116/47/1970 |i snkČSP 105/71 |f 1 |0 0 |1 0 |4 0 |d 1998-04-23 |l 0 |r 2005-01-02 00:00:00 |w 2026-02-21 | ||
| 952 | |t č. 1-24 |a SNK |b SNK |y PREZ |7 0 |p 17A0136994 |o snkČSB 116/46/1969 |i snkČSP 86/1970 |f 1 |0 0 |1 0 |4 0 |d 1998-04-23 |l 0 |r 2005-01-02 00:00:00 |w 2026-02-21 | ||
| 952 | |t č. 1-24 |a SNK |b SNK |y PREZ |7 0 |p 17A0136720 |o snkČSB 116/44/1967 |i snkČSP 625/68 |f 1 |0 0 |1 0 |4 0 |d 1998-04-23 |l 0 |r 2005-01-02 00:00:00 |w 2026-02-21 | ||
| 952 | |t č. 1-24 |a SNK |b SNK |y PREZ |7 0 |p 17A0136908 |o snkČSB 116/42/1965 |i snkČSP 558/67 |f 1 |0 0 |1 0 |4 0 |d 1998-04-23 |l 0 |r 2005-01-02 00:00:00 |w 2026-02-21 | ||
| 952 | |t č. 1-24 |a SNK |b SNK |y PREZ |7 0 |p 17A0136724 |o snkČSB 116/57/1980 |i snkČSP 3939/88 |f 1 |0 0 |1 0 |4 0 |d 1998-04-23 |l 0 |r 2005-01-02 00:00:00 |w 2026-02-21 | ||
| 952 | |t č. 1-24 |a SNK |b SNK |y PREZ |7 0 |p 17A0136558 |o snkČSB 116/56/1979 |i snkČSP 554/1980 |f 1 |0 0 |1 0 |4 0 |d 1998-04-23 |l 0 |r 2005-01-02 00:00:00 |w 2026-02-21 | ||
| 952 | |t č. 1-24 |a SNK |b SNK |y PREZ |7 0 |p 17A0136753 |o snkČSB 116/55/1978 |i snkČSP 964/78 |f 1 |0 0 |1 0 |4 0 |d 1998-04-23 |l 0 |r 2005-01-02 00:00:00 |w 2026-02-21 | ||
| 952 | |t č. 1-24 |a SNK |b SNK |y PREZ |7 0 |p 17A0136619 |o snkČSB 116/54/1977 |i snkČSP 861/77 |f 1 |0 0 |1 0 |4 0 |d 1998-04-23 |l 0 |r 2005-01-02 00:00:00 |w 2026-02-21 | ||
| 952 | |t č. 1-24 |a SNK |b SNK |y PREZ |7 0 |p 17A0136963 |o snkČSB 116/53/1976 |i snkČSP 209/77 |f 1 |0 0 |1 0 |4 0 |d 1998-04-23 |l 0 |r 2005-01-02 00:00:00 |w 2026-02-21 | ||
| 952 | |t č. 1-24 |a SNK |b SNK |y PREZ |7 0 |p 17A0136638 |o snkČSB 116/52/1975 |i snkČSP 763/86 |f 1 |0 0 |1 0 |4 0 |d 1998-04-23 |l 0 |r 2005-01-02 00:00:00 |w 2026-02-21 | ||
| 952 | |t č. 1-12 |a SNK |b SNK |y PREZ |7 0 |p 17A0697230 |o snkČSB 116/86/2009 D1 |i snk2013/12031 |8 0 |0 0 |1 0 |4 0 |d 2013-05-24 |l 0 |r 2026-02-21 21:12:50 |w 2026-02-21 | ||
| 952 | |t č. 1-12 |a SNK |b SNK |y PREZ |7 0 |p 17A0697231 |o snkČSB 116/87/2010 D1 |i snk2013/12032 |8 0 |0 0 |1 0 |4 0 |d 2013-05-24 |l 0 |r 2026-02-21 21:12:51 |w 2026-02-21 | ||
| 952 | |t č. 1-12 |a SNK |b SNK |y PREZ |7 0 |p 17A0697232 |o snkČSB 116/88/2011 D1 |i snk2013/12033 |8 0 |0 0 |1 0 |4 0 |d 2013-05-24 |l 0 |r 2026-02-21 21:12:51 |w 2026-02-21 | ||
| 952 | |t č. 1-12 |a SNK |b SNK |y PREZ |7 0 |p 17A0697220 |o snkČSB 116/85/2008 |i snk2013/12019 |8 0 |f 1 |0 0 |1 0 |4 0 |d 2013-05-24 |l 0 |r 2026-02-21 21:12:52 |w 2026-02-21 | ||
| 952 | |t č. 1-12 |a SNK |b SNK |y PREZ |7 0 |p 17A0697221 |o snkČSB 116/86/2009 |i snk2013/12020 |8 0 |f 1 |0 0 |1 0 |4 0 |d 2013-05-24 |l 0 |r 2026-02-21 21:12:52 |w 2026-02-21 | ||
| 952 | |t č. 1-12 |a SNK |b SNK |y PREZ |7 0 |p 17A0697222 |o snkČSB 116/87/2010 |i snk2013/12022 |8 0 |f 1 |0 0 |1 0 |4 0 |d 2013-05-24 |l 0 |r 2026-02-21 21:12:52 |w 2026-02-21 | ||
| 952 | |t č. 1-12 |a SNK |b SNK |y PREZ |7 0 |p 17A0697223 |o snkČSB 116/88/2011 |i snk2013/12024 |8 0 |f 1 |0 0 |1 0 |4 0 |d 2013-05-24 |l 0 |r 2026-02-21 21:12:52 |w 2026-02-21 | ||
| 952 | |t č. 1-12 |a SNK |b SNK |y PREZ |7 0 |p 17A0697224 |o snkČSB 116/89/2012 |i snk2013/12025 |8 0 |f 1 |0 0 |1 0 |4 0 |d 2013-05-24 |l 0 |r 2026-02-21 21:12:52 |w 2026-02-21 | ||
| 952 | |t č. 1-12 |a SNK |b SNK |y PREZ |7 0 |p 17A0697225 |o snkČSB 116/81/2004 D1 |i snk2013/12026 |8 0 |0 0 |1 0 |4 0 |d 2013-05-24 |l 0 |r 2026-02-21 21:12:52 |w 2026-02-21 | ||
| 952 | |t č. 1-12 |a SNK |b SNK |y PREZ |7 0 |p 17A0712007 |o snkČSB 116/75/1998 |i snkČSP 2233/2004 |f 1 |0 0 |1 0 |4 0 |d 2013-08-15 |l 0 |r 2026-02-21 21:13:54 |w 2026-02-21 | ||
| 952 | |t č. 1-12 |a SNK |b SNK |y PREZ |7 0 |p 17A0588046 |o snkČSB 116/71/1994 |i snkČSP 1639/1999 |f 1 |3 č.1-12,úplný ; rekatalogizácia |0 0 |1 0 |4 0 |d 2008-06-25 |l 0 |r 2026-02-21 21:23:03 |w 2026-02-21 | ||
| 952 | |t č. 1-12 |a SNK |b SNK |y PREZ |7 0 |p 17A1144488 |o snkČSB 116/90/2013 |i snk2015/16818 |8 0 |f 1 |0 0 |1 0 |4 0 |d 2015-05-27 |l 0 |r 2026-02-21 21:34:30 |w 2026-02-21 | ||
| 952 | |t č. 1-12 |a SNK |b SNK |y PREZ |7 0 |p 17A1144487 |o snkČSB 116/90/2013 D1 |i snk2015/16826 |8 0 |0 0 |1 0 |4 0 |d 2015-05-27 |l 0 |r 2026-02-21 21:34:30 |w 2026-02-21 | ||
| 952 | |t č. 1-12, +príl. |a SNK |b SNK |y PREZ |7 0 |p 17A1144486 |o snkČSB 116/91/2014 |i snk2015/16828 |8 0 |z Príloha v č. 10: Hasičský žurnál |f 1 |0 0 |1 0 |4 0 |d 2015-05-27 |l 0 |r 2026-02-21 21:34:30 |w 2026-02-21 | ||
| 952 | |t č. 1-12, +príl. |a SNK |b SNK |y PREZ |7 0 |p 17A1144485 |o snkČSB 116/91/2014 D1 |i snk2015/16834 |8 0 |z Príloha v č. 10: Hasičský žurnál |0 0 |1 0 |4 0 |d 2015-05-27 |l 0 |r 2026-02-21 21:34:30 |w 2026-02-21 | ||
| 952 | |t č. 1-12, neúplný |a SNK |b SNK |y PREZ |7 0 |p 17A0697227 |o snkČSB 116/83/2006 D1 |i snk2013/12028 |8 0 |z chýba č. 4 |0 0 |1 0 |4 0 |d 2013-05-24 |l 0 |r 2026-02-21 21:41:24 |w 2026-02-21 | ||
| 952 | |t č. 1-12 |a SNK |b SNK |y PREZ |7 0 |p 17A0652033 |o snkČSB 116/71/1994 D1 |i snkČSP 1640/1999 |0 0 |1 0 |4 0 |d 2010-03-18 |l 0 |r 2026-02-21 21:42:02 |w 2026-02-21 | ||
| 952 | |t č. 1-12 |a SNK |b SNK |y PREZ |7 0 |p 17A1340725 |o snkČSB 116/92/2015 |i snk2018/27257 |8 0 |0 0 |1 0 |4 0 |d 2018-12-14 |l 0 |r 2026-02-21 22:14:00 |w 2026-02-21 | ||
| 952 | |t č. 1-12 |a SNK |b SNK |y PREZ |7 0 |p 17A1340724 |o snkČSB 116/92/2015 D1 |i snk2018/27258 |8 0 |0 0 |1 0 |4 0 |d 2018-12-14 |l 0 |r 2026-02-21 22:14:00 |w 2026-02-21 | ||
| 952 | |t č. 1-12 |a SNK |b SNK |y PREZ |7 0 |p 17A1340723 |o snkČSB 116/93/2016 |i snk2018/27259 |8 0 |0 0 |1 0 |4 0 |d 2018-12-14 |l 0 |r 2026-02-21 22:14:00 |w 2026-02-21 | ||
| 952 | |t č. 1-12 |a SNK |b SNK |y PREZ |7 0 |p 17A1340722 |o snkČSB 116/93/2016 D1 |i snk2018/27262 |8 0 |0 0 |1 0 |4 0 |d 2018-12-14 |l 0 |r 2026-02-21 22:14:00 |w 2026-02-21 | ||
| 952 | |t č. 1-12 |a SNK |b SNK |y PREZ |7 0 |p 17A1340721 |o snkČSB 116/94/2017 |i snk2018/27265 |8 0 |0 0 |1 0 |4 0 |d 2018-12-14 |l 0 |r 2026-02-21 22:14:00 |w 2026-02-21 | ||
| 952 | |t č. 1-12 |a SNK |b SNK |y PREZ |7 0 |p 17A1340720 |o snkČSB 116/94/2017 D1 |i snk2018/27266 |8 0 |0 0 |1 0 |4 0 |d 2018-12-14 |l 0 |r 2026-02-21 22:14:00 |w 2026-02-21 | ||
| 952 | |t č. 1-12 |a SNK |b SNK |y PREZ |7 0 |p 17A1340719 |o snkČSB 116/95/2018 |i snk2018/27267 |8 0 |0 0 |1 0 |4 0 |d 2018-12-14 |l 0 |r 2026-02-21 22:14:00 |w 2026-02-21 | ||
| 952 | |t č. 1-12 |a SNK |b SNK |y PREZ |7 0 |p 17A1340718 |o snkČSB 116/95/2018 D1 |i snk2018/27268 |8 0 |0 0 |1 0 |4 0 |d 2018-12-14 |l 0 |r 2026-02-21 22:14:00 |w 2026-02-21 | ||
| 952 | |t č. 1-24 |a SNK |b SNK |y PREZ |7 0 |p 17A1315589 |o snkČSB 116/41/1964 D1 |i snkČSP 40/67 |0 0 |1 0 |4 0 |d 2020-03-07 |l 0 |r 2026-02-21 22:29:27 |w 2026-02-21 | ||
| 952 | |t č. 1-24 |a SNK |b SNK |y PREZ |7 0 |p 17A1315590 |o snkČSB 116/38/1961 D1 |i snkČSP 618/62 |0 0 |1 0 |4 0 |d 2020-03-07 |l 0 |r 2026-02-21 22:29:28 |w 2026-02-21 | ||


